Riadenie podľa cieľov v strojárskom podniku bakalárska práca

Salvato in:
Dettagli Bibliografici
Autore principale: Mitrik, Miroslav
Ente Autore: Podnikovohospodárska fakulta EU so sídlom v Košiciach. Katedra manažmentu
Altri autori: Čollák, Mikuláš
Natura: Libro
Lingua:slovacco
Pubblicazione: Košice 2009
Tags: Aggiungi Tag
Nessun Tag, puoi essere il primo ad aggiungerne!!

MARC

LEADER 00000nam$a2200000$$$4500
001 0106806
005 20240318131149.2
041 0 |a slo 
044 |a SK 
245 1 0 |a Riadenie podľa cieľov v strojárskom podniku  |b bakalárska práca  |c Miroslav Mitrik ; škol. Mikuláš Čollák 
264 1 |a Košice  |c 2009 
300 |a 47 s. 
100 1 |a Mitrik, Miroslav 
700 1 |a Čollák, Mikuláš 
710 2 |a Podnikovohospodárska fakulta EU so sídlom v Košiciach. Katedra manažmentu